Top 10 most used passenger aircraft name - name and type - Statistics

General Stats
  • This quiz has been taken 15 times
  • The average score is 5 of 10
Answer Stats
Answer % Correct
Airbus A320
100%
Boeing 737
100%
Boeing 787
80%
Airbus A330
73%
Boeing 777
73%
ATR
27%
Embraer E
20%
Bombardier CRJ
0%
Embraer ERJ
0%
Havilland DHC
0%
No matching quizzes found
Score Distribution
Percent of People with Each Score
Percentile by Number Answered
Your Score History
You have not taken this quiz